Madhya Hindi vyakaran (Record no. 17781)
[ view plain ]
| 000 -LEADER | |
|---|---|
| fixed length control field | 00273nam a22001217a 4500 |
| 003 - CONTROL NUMBER IDENTIFIER | |
| control field | OSt |
| 008 - FIXED-LENGTH DATA ELEMENTS--GENERAL INFORMATION | |
| fixed length control field | 231108b |||||||| |||| 00| 0 eng d |
| 041 ## - LANGUAGE CODE | |
| Language code of text/sound track or separate title | hin |
| 082 ## - DEWEY DECIMAL CLASSIFICATION NUMBER | |
| Classification number | 891.54 |
| Item number | KAM/MA |
| 100 ## - MAIN ENTRY--AUTHOR NAME | |
| Personal name | Kamathaprasad Guru |
| 245 ## - TITLE STATEMENT | |
| Title | Madhya Hindi vyakaran |
| 942 ## - ADDED ENTRY ELEMENTS (KOHA) | |
| Koha item type | Books |
| Withdrawn status | Lost status | Damaged status | Home library | Current library | Date acquired | Full call number | Accession Number | Koha item type |
|---|---|---|---|---|---|---|---|---|
| Withdrawn | KAUAET | KAUAET | 16/11/2023 | 891.54 KAM/MA | 11496 | Books | ||
| Withdrawn | KAUAET | Sanskrit University | 08/11/2023 | 891.54 KAM/MA | 11495 | Books |
